000
00309nam a2200121Ia 4500
008
220217s9999||||xx |||||||||||||| ||und||
082
_a
510 CHA
100
_a
K.S.C
245
0
_a
Engineering Mathematics IV
260
_a
Sudha Publications
_b
Bngalore
_c
2012
300
_a
443
_b
330
650
_a
MATHEMATICS
999
_c
184852
_d
184852